• 首页
  • 本馆介绍
  • 公告通知
  • 最新文献
  • 馆藏检索
  • 电子资源
  • 读者导购
  • 参考咨询
  • 我的图书馆
  • 登录
  • 详细信息显示
  • 放入我的书架
  • 预约/预借图书
  • 作者相关作品
  • 分类相关作品
  • 丛书相关作品
  • 出版社相关作品

书目信息

  • 表格格式
  • 工作单格式
  • 卡片格式
题名:
让身体年轻起来
    
 
作者: 太田成男 著 ;石文 译
分册:  
出版信息: 北京   现代出版社  2015
页数: 201页
开本: 20cm
丛书名:
单 册:
中图分类: Q244
科图分类:
主题词: 线粒体--功能--研究
电子资源:
ISBN: 978-7-5143-3607-8
000 00891nam0 2200253 450
001 012015000135
005 20151130091759.57
010    @a978-7-5143-3607-8@dCNY32.00
100    @a20150920d2015 em y0chiy50 ea
101 1  @achi@cjpn
102    @aCN@b110000
105    @ay z 000yy
106    @ar
200 1  @a让身体年轻起来@Arang shen ti nian qing qi lai@e增加线粒体健康就会来@f(日)太田成男著@g石文译
210    @a北京@c现代出版社@d2015
215    @a201页@d20cm
330    @a本书共五章,主要内容包括:健康长寿人,“体内”真年轻、“老化构造”和“年轻化构造”、“麦塔波”是能量代谢病等。
517 1  @a增加线粒体健康就会来@Azeng jia xian li ti jian kang jiu hui lai
606 0  @a线粒体@x功能@x研究
690    @aQ244@v5
701  0 @c(日)@a太田成男@Atai tian cheng nan@f(1951-)@4著
702  0 @a石文@Ashi wen@4译
801  0 @aCN@b碧洲教育@c20151127
905    @a10447@f4@dQ244@e46
    
    让身体年轻起来:增加线粒体健康就会来/(日)太田成男著/石文译.-北京:现代出版社,2015
    201页;20cm
    
    
    ISBN 978-7-5143-3607-8:CNY32.00
    本书共五章,主要内容包括:健康长寿人,“体内”真年轻、“老化构造”和“年轻化构造”、“麦塔波”是能量代谢病等。
●
相关链接 在E读中查询图书 在五车中查询图书 在当当中查询图书 在豆瓣中查询图书


正题名:让身体年轻起来     索取号:Q244/46         预约/预借

序号 登录号 条形码 馆藏地/架位号 状态 备注
1 0871899   208718994   第二样本阅览室/ [索取号:Q244/46] 在馆    
2 0871900   208719001   密集书库-生命科学系/ [索取号:Q244/46] 在馆    
3 0871901   208719010   第三借阅区/ [索取号:Q244/46] 在馆    
4 0871902   208719029   第三借阅区/ [索取号:Q244/46] 在馆    
唐山师范学院图书馆 欢迎您!
大连网信软件有限公司© 版权所有